Adivinhe a Letra: Admirável Chip Novo - Statistics

Estatísticas Gerais
  • Esse quiz foi jogado 75 vezes
  • A pontuação média é 145 de 208
Estatísticas das Respostas
Answers % Correto
e
96%
é
96%
E
96%
no
96%
se
94%
me
91%
o
89%
que
89%
sistema
89%
Alguém
87%
Aonde
87%
de
87%
desconfigurou
87%
Eu
87%
eu
87%
Pane
87%
estão
85%
meus
85%
não
85%
Não,
85%
Não
85%
robô?
85%
olhos
83%
era
77%
tinha
77%
achei
74%
Pense,
74%
percebido
74%
sabia,
74%
sempre
74%
um
74%
esqueça
72%
seja,
72%
coração
70%
vivo
70%
fazer
68%
Reinstalar
68%
aqui
66%
batia
66%
compre,
66%
beba
64%
sei
64%
achava
62%
articulação
62%
fale,
62%
Nada
62%
orgânico,
62%
tudo
62%
Use,
62%
libertado
60%
lugar
60%
programado
60%
achando
57%
Até
57%
diga
57%
eles
57%
57%
Mas
57%
ouça,
57%
Parafuso
55%
vêm
55%
Leia,
53%
em
49%
novamente
49%
vão
47%
senhor,
45%
senhor
45%
sim,
45%
sim
45%
vote,
43%
viva
40%
fluido
36%
gaste,
28%
Tenha,
23%
more,
21%
Nenhum quiz correspondente encontrado
Distribuição das Pontuações
Porcentagem de Pessoas com Cada Pontuação
Percentil de Números Respondidos
Sua Pontuação Histórica
Você não jogou esse quiz